=LDR 00000nam 2200000 4500 =001 INLIS000000000016212 =005 20130612111500 =008 ***********************************Ind** =035 ##$$0010-061300000016212 =041 ##$$a Ind =082 ##$$a 128.5 =090 ##$$a 028.5, Bud m =100 ##$$a Budi cahyono, NE =245 ##$$a Membuat buah jadi lebih manis, NE. Budi Tjahyono =260 ##$$a 1995 $b Jakarta =300 ##$$a 60 hlm., ilus, 21 cm =650 ##$$a Bacaan anak-anak =850 ##$$a NBPNMAT